000 00468nab a2200145Ia 4500
003 ES-SlBCS
005 20210601125238.0
008 140529s1977 xxu||||| |||| 00| 0 eng d
041 _aeng
100 1 _aLa Croix, Richard R.
_9135482
245 0 4 _aThe Hidden Assumption in the Paradox of Omnipotence
_c Richard R. La Croix
650 0 4 _aOmnipotencia
_9132266
773 0 _tPhilosophy and Phenomenological Research
_gvol. 38, 1977, págs. 125-127
_wRev1411
942 _cAR
999 _c527148
_d527148